Apák és fiúk

Elmentve itt :
Bibliográfiai részletek
Szerző: Zoltán József
Dokumentumtípus: Cikk
Megjelent: 1932
Sorozat:Polgári jog : a hazai és külföldi magánjog és hiteljog szemléje 8
Kulcsszavak:Családjog tartási kötelezettség
Online Access:http://misc.bibl.u-szeged.hu/15320
LEADER 00604nab a2200169 i 4500
001 misc15320
005 20191106142512.0
008 170607s1932 hu o 0|| hun d
040 |a SZTE Miscellanea Repozitórium  |b hun 
041 |a hun 
100 1 |a Zoltán József 
245 1 0 |a Apák és fiúk  |h [elektronikus dokumentum] /  |c  Zoltán József 
260 |c 1932 
300 |a 93-96e 
490 0 |a Polgári jog : a hazai és külföldi magánjog és hiteljog szemléje  |v 8 
695 |a Családjog tartási kötelezettség 
856 4 0 |u http://misc.bibl.u-szeged.hu/15320/1/polgari_jog_1932_093-096e.pdf  |z Dokumentum-elérés